000 00475nam a2200169 i 4500
001 30284
003 ES-MaACL
005 20230906154152.0
007 t|
008 030124s1966 sp ||||1| spa d
100 1 _aBassó, Frederic.
_926322
245 1 3 _aLa educación cristiana de la conciencia infantil /
_cFederico Bassó.
250 _a[1ª ed.].
260 _a[Barcelona :
_bNova Terra,
_c1966]
300 _a25 p. ;
_c20 cm.
852 _aES-MaACL
_j2048-F-2
_bR.59954
999 _c30284
_d30284